000
00276nam a22001217a 4500
008
170929b xxu||||| |||| 00| 0 eng d
041
_a
eng
080
_a
37
100
_a
47
101
_a
EDU
245
_a
MODERNIZATION AND THE WORKING CLASS
_c
WAISMAN, C.H
942
_2
udc
_c
BK
999
_c
30869
_d
30869